Constitutionalism International Law & Public Policy 2021 Ahead/ (Record no. 210928)

MARC details
000 -LEADER
fixed length control field 00695nam a2200217 4500
005 - DATE AND TIME OF LATEST TRANSACTION
control field 20250502105412.0
010 ## - LCCN (DPL NO)
LC control number ENG-144558
020 ## - INTERNATIONAL STANDARD BOOK NUMBER
International Standard Book Number 9789354730474
Terms of availability 600.00
035 ## - SYSTEM CONTROL NUMBER
System control number EN-128090
037 ## - SOURCE OF ACQUISITION
Source of stock number/acquisition DBAD
082 ## - DEWEY DECIMAL CLASSIFICATION NUMBER
Classification number 341
245 ## - TITLE STATEMENT
Title Constitutionalism International Law & Public Policy 2021 Ahead/
Statement of responsibility, etc Sourabh Ubale; Omar Vera Muniz [and] Eduardo Rezklah
250 ## - EDITION STATEMENT
Edition statement 1st
260 ## - PUBLICATION, DISTRIBUTION, ETC. (IMPRINT)
Place of publication, distribution, etc Pune
Name of publisher, distributor, etc Marathwada Mitra Mandal's
Date of publication, distribution, etc 2021
270 ## - ADDRESS
Address Shankarrao Chavan Law College
City Pune
300 ## - PHYSICAL DESCRIPTION
Extent x,236p.
Dimensions 22cm(pbk)
700 ## - ADDED ENTRY--PERSONAL NAME
Personal name Ubale,Sourabh
9 (RLIN) 80490
700 ## - ADDED ENTRY--PERSONAL NAME
Personal name Muniz, Omar Vera
9 (RLIN) 80491
700 ## - ADDED ENTRY--PERSONAL NAME
Personal name Rezkalah, Eduardo
9 (RLIN) 80492
942 ## - ADDED ENTRY ELEMENTS (KOHA)
Source of classification or shelving scheme Dewey Decimal Classification
Item type English Books
Call number suffix UBA
Classification part 341
Edition 1st
Holdings
Withdrawn status Lost status Not for loan Collection code Home library Current library Date acquired Source of acquisition Cost, normal purchase price Full call number Barcode Copy number Cost, replacement price Koha item type
      Non-fiction Patel Nagar Patel Nagar 09/04/2025 DBAD 600.00 341 UBA EN-128090 1 600.00 English Books

© Delhi Public Library
Hit Counter
free hit counter